| 000 -LEADER |
| fixed length control field |
00811cam a2200253 a 4500 |
| 001 - CONTROL NUMBER |
| control field |
15323 |
| 003 - CONTROL NUMBER IDENTIFIER |
| control field |
BD-DhUAP |
| 005 - DATE AND TIME OF LATEST TRANSACTION |
| control field |
20200202171003.0 |
| 008 - FIXED-LENGTH DATA ELEMENTS--GENERAL INFORMATION |
| fixed length control field |
200202r20101945enk 001 0 eng d |
| 020 ## - INTERNATIONAL STANDARD BOOK NUMBER |
| International Standard Book Number |
9788175340060 |
| 040 ## - CATALOGING SOURCE |
| Original cataloging agency |
UKM |
| Transcribing agency |
BD-DhUAP |
| Modifying agency |
BD-DhUAP |
| -- |
DLC |
| Language of cataloging |
Eng |
| 082 04 - DEWEY DECIMAL CLASSIFICATION NUMBER |
| Classification number |
349.41 WIL |
| Edition number |
23 |
| 100 1# - MAIN ENTRY--PERSONAL NAME |
| Personal name |
Williams, Glanville. |
| 245 10 - TITLE STATEMENT |
| Title |
Learning the law / |
| Statement of responsibility, etc. |
Glanville Williams. |
| 250 ## - EDITION STATEMENT |
| Edition statement |
11th ed. |
| 260 ## - PUBLICATION, DISTRIBUTION, ETC. |
| Place of publication, distribution, etc. |
New Delhi : |
| Name of publisher, distributor, etc. |
Universal Law Publishing Co., |
| Date of publication, distribution, etc. |
c1945 [Reprinted 2010]. |
| 300 ## - PHYSICAL DESCRIPTION |
| Extent |
viii, 241 pages ; |
| Dimensions |
19 cm. |
| 500 ## - GENERAL NOTE |
| General note |
Includes index. |
| 505 ## - FORMATTED CONTENTS NOTE |
| Formatted contents note |
Indian economy reprint, 2010. |
| 650 #0 - SUBJECT ADDED ENTRY--TOPICAL TERM |
| Topical term or geographic name entry element |
Law |
| Geographic subdivision |
Great Britain. |
| 650 #0 - SUBJECT ADDED ENTRY--TOPICAL TERM |
| Topical term or geographic name entry element |
Practice of law |
| Geographic subdivision |
Great Britain. |
| 650 #0 - SUBJECT ADDED ENTRY--TOPICAL TERM |
| Topical term or geographic name entry element |
Law |
| Geographic subdivision |
Great Britain |
| General subdivision |
Interpretation and construction |
| Form subdivision |
Problems, exercises, etc. |
| 942 ## - ADDED ENTRY ELEMENTS (KOHA) |
| Source of classification or shelving scheme |
|
| Koha item type |
Book |